Houstonian.

Bibliographic Details
Corporate Author: University of Houston
Format: Serial
Language:English
Published: Houston, Tex. : University of Houston.
Subjects:

MARC

Tag First Indicator Second Indicator Subfields
LEADER 00000cas a2200000 4500
001 in00000020985
005 20151007060925.0
008 800627c1uuu9999txuar 0uuua0eng
010 |a  55058413  
035 |a (OCoLC)06465296 
035 |9 AAD0591AM 
040 |a DLC  |c TXA  |d UtOrBLW 
049 |a TXAE 
050 0 |a LD2281.H745  |b H6 
092 |a 378.764  |b H843 
245 0 0 |a Houstonian. 
264 1 |a Houston, Tex. :  |b University of Houston. 
300 |a volumes :  |b illustrations ;  |c 32 cm. 
336 |a text  |b txt  |2 rdacontent 
337 |a unmediated  |b n  |2 rdamedia 
338 |a volume  |b nc  |2 rdacarrier 
500 |a Description based on: 1957. 
610 2 0 |a University of Houston  |x Students  |y Yearbooks. 
710 2 |a University of Houston. 
999 |a MARS 
999 f f |s 6b3af8c7-36ec-3294-b69e-ce054d162bba  |i 50e9865e-a2c5-3af1-9c45-92bd703414be  |t 0 
952 f f |p ric  |a Texas A&M University  |b Rellis Campus  |c Joint Library Facility  |d Remote Storage  |t 0  |e LD2281.H745 H6  |h Library of Congress classification  |i unmediated -- volume  |l 1957  |m A14835055184 
998 f f |a LD2281.H745 H6  |s 1957  |t 0  |l Remote Storage